Medium and high speed diesel engines for marine use (Record no. 12098)

000 -LEADER
fixed length control field 00547nam a2200193 4500
001 - CONTROL NUMBER
control field 12098
003 - CONTROL NUMBER IDENTIFIER
control field BD-DhUET
008 - FIXED-LENGTH DATA ELEMENTS--GENERAL INFORMATION
fixed length control field 730523s1972 enka b 001 0 eng
020 ## - INTERNATIONAL STANDARD BOOK NUMBER
International Standard Book Number 0900976012
040 ## - CATALOGING SOURCE
Original cataloging agency DLC
Transcribing agency DLC
Modifying agency BD-DhUET
082 00 - DEWEY DECIMAL CLASSIFICATION NUMBER
Classification number 626.87236
Item number HEN/1972
100 ## - MAIN ENTRY--PERSONAL NAME
Personal name Henshall, S. H.
245 10 - TITLE STATEMENT
Title Medium and high speed diesel engines for marine use
250 ## - EDITION STATEMENT
Edition statement 1st ed.
260 ## - PUBLICATION, DISTRIBUTION, ETC. (IMPRINT)
Place of publication, distribution, etc. London
Name of publisher, distributor, etc. Institute of Marine Engineers
Date of publication, distribution, etc. 1972
300 ## - PHYSICAL DESCRIPTION
Extent viii, 411 p.
Other physical details illus.
Dimensions 23 cm.
650 #0 - SUBJECT ADDED ENTRY--TOPICAL TERM
Topical term or geographic name as entry element Diesel engines: Marine engineering
942 ## - ADDED ENTRY ELEMENTS (KOHA)
Koha item type General Book
Holdings
Shelving location Lost status Koha normalized classification for sorting Koha issues (times borrowed) Not for loan Location (home branch) Withdrawn status Damaged status Source of classification or shelving scheme Koha full call number Koha item type Date acquired Copy number Piece designation (barcode) Price effective from Sublocation or collection (holding branch) Koha date last borrowed Koha date last seen
Circulation section 626_872360000000000_HEN_19722 Central Library, BUET   626.87236/HEN/1972General Book2015-02-231532302015-02-23Central Library, BUET2024-11-182024-11-27
Circulation section 626_872360000000000_HEN_19721 Central Library, BUET   626.87236/HEN/1972General Book2015-05-102410392015-05-10Central Library, BUET2018-07-302018-08-27
Reading section 626_872360000000000_HEN_1972  Central Library, BUET   626.87236/HEN/1972General Book2015-06-213532292015-06-21Central Library, BUET 2015-06-21